000 00497pam a2200193 a 4500
020 _c
040 _aMedical College Lib.
041 _aENG
_hENG
082 _a611
_bMCD
100 _aMcDiarmid , James .
245 _aMCQS in Anatomy for the Frcs /
_c
_hTextual Documents
260 _aLondon :
_bEdward Arnold ,
_c1995.
300 _a139 ;
_c
365 _a115=00
653 _aAnatomy
_aMedical Science
930 _a3078
999 _c3077
_d3077